ბათუმის შოთა რუსთაველის სახელმწიფო უნივერსიტეტის ბიბლიოთეკა

სატყეო-სატაქსაციო ცნობარი. (ბიბ.ჩანაწერი № 35374)

000 -LEADER
fixed length control field 00853nam a2200229Ia 4500
001 - CONTROL NUMBER
control field 1227
003 - CONTROL NUMBER IDENTIFIER
control field GE_BSU
008 - FIXED-LENGTH DATA ELEMENTS--GENERAL INFORMATION
fixed length control field 181216s||||||||xx |||||||||||||| ||und||
040 ## - CATALOGING SOURCE
Transcribing agency GE_BSU
080 ## - UNIVERSAL DECIMAL CLASSIFICATION NUMBER
Universal Decimal Classification number 630(036)
100 ## - MAIN ENTRY--PERSONAL NAME
Personal name მირზაშვილი ვ, ყუფარაძე გ.
245 ## - TITLE STATEMENT
Title სატყეო-სატაქსაციო ცნობარი.
245 ## - TITLE STATEMENT
Statement of responsibility, etc. რედ:გულისაშვილი ვ.
260 ## - PUBLICATION, DISTRIBUTION, ETC.
Place of publication, distribution, etc. თბილისი.
260 ## - PUBLICATION, DISTRIBUTION, ETC.
Name of publisher, distributor, etc. სასოფლო სამეურნეო ინსტიტუტის გამომცემლობა.
260 ## - PUBLICATION, DISTRIBUTION, ETC.
Date of publication, distribution, etc. 1955.
300 ## - PHYSICAL DESCRIPTION
Extent 304 გვ. 24 სმ.
653 ## - INDEX TERM--UNCONTROLLED
Uncontrolled term სატყეო ცნობარი.
653 ## - INDEX TERM--UNCONTROLLED
Uncontrolled term სატყეო-სატაქსაციო ცნობარი.
942 ## - ADDED ENTRY ELEMENTS (KOHA)
Koha item type წიგნი
ეგზემპლარები
Withdrawn status Lost status Damaged status Not for loan Date acquired Barcode Date last seen Price effective from Koha item type
        2018-12-17 2905 2018-12-17 2018-12-17 წიგნი